01907nam a2200193Ia 450000500170000000800390001702000180005608200150007410000210008924500890011026000360019930000140023552012810024965000250153070000220155594200120157799900190158995201050160820260302161543.0260302s9999 xx 000 0 und d a9781843768210 a338.9bCOO aCooke, Philip N. 0aRegional Economies as Knowledge Laboratories / cCooke, Philip N.; Piccaluga, Andrea bEdward Elgar Publishing, c2004 a280 pages aToday, the study of regions is central to academic analysis and policy deliberation on how to respond to the rise of the knowledge economy. Regional Economies as Knowledge Laboratories illustrates how newer types of regional analysis - utilising scientometrics, knowledge services measures and university networks, and concepts such as knowledge life cycles, experimental knowledge creation, and knowledge ethics - are leading to a perception that regional economies increasingly resemble knowledge laboratories. In addition to these measures and concepts, the book features case studies and assessments of policies implemented to facilitate regional engagement with the knowledge economy, and a critique of 'knowledge economy' as ideology. The importance of maintaining a balanced perspective in assessing the depth and reach of the role of knowledge in the market economy is also examined. Aiming to contribute to the better understanding of theories and practices associated with knowledge regions, this bookwill appeal to a wide ranging audience, including regional and industrial economists, innovation scientists, academics and practitioners with an interest in knowledge and management organisation, regional scientists, economic geographers, and economic sociologists. aBusiness & Economics aPiccaluga, Andrea cENGLISH c616674d616674 00104070aACLbACLc4Ad2026-03-02l0o338.9 COOp343451r2026-03-02 16:15:43w2026-03-02yENGLISH